[Event "SC Werl 1981 1 - SV Wattenscheid 3"]
[Site "Verbandsklasse - Gruppe 1 201"]
[Date "2019.02.03"]
[Round "6.8"]
[White "Zimmer, Sebastian"]
[Black "Buechle, Regina"]
[Result "1-0"]
[WhiteElo "1674"]
[BlackElo "1680"]
[Annotator "Daniel"]
[PlyCount "53"]
[EventDate "2019.??.??"]

1. e4 c5 2. Nc3 Nc6 3. f4 d6 4. Nf3 g6 5. Bb5 Bd7 6. O-O Bg7 7. d3 e6 8. g4
Nge7 9. Qe2 O-O 10. f5 exf5 11. gxf5 Nd4 12. Nxd4 Bxd4+ 13. Kh1 gxf5 14. Bh6
Re8 15. Bxd7 Qxd7 16. Qg2+ Kh8 17. Qh3 Ng8 18. Nd5 Qe6 19. Rxf5 Qxh6 20. Rh5
Qg6 21. c3 Re5 22. Nf4 Qg7 23. cxd4 Rxh5 24. Qxh5 cxd4 $11 25. Rg1 Qf6 26. Nd5
Qf2 27. Qg4 1-0

[Event "SK Germania Kupferdreh 1 - SW Oberhause"]
[Site "Verbandsklasse - Gruppe 2 201"]
[Date "2019.02.03"]
[Round "6.1"]
[White "Puetter, Pascal"]
[Black "Unteregge, Michael"]
[Result "1-0"]
[WhiteElo "1965"]
[BlackElo "2018"]
[Annotator "Daniel"]
[PlyCount "155"]
[EventDate "2019.??.??"]

1. e4 c6 2. Nc3 d5 3. Nf3 Bg4 4. h3 Bxf3 5. Qxf3 Nf6 6. Be2 e6 7. O-O Nbd7 8.
d4 dxe4 9. Nxe4 Nxe4 10. Qxe4 Nf6 11. Qd3 Be7 12. Bf4 Nd5 13. Bg3 Bf6 14. c3
O-O 15. Rfe1 a5 16. a4 Be7 17. Bd1 Bd6 18. Bc2 g6 19. Bxd6 Qxd6 20. g3 Rad8 $11
21. h4 Nf6 22. Qf3 Kg7 23. Re5 h5 24. Rxa5 Nd5 25. Be4 b6 26. Ra6 Qb8 27. Bxd5
Rxd5 28. Qe2 Qc7 29. Qc4 Rc8 30. Re1 Qb7 31. Re5 Rxe5 32. dxe5 b5 33. axb5 cxb5
34. Qa2 Rd8 35. Rd6 Ra8 36. Qb1 Ra4 37. Rd4 Rxd4 38. cxd4 Qd5 39. Qd3 b4 40. b3
Qc6 41. Kf1 Qh1+ 42. Ke2 Qd5 43. Kd2 Qg2 44. Ke3 Qd5 45. Qc4 Qb7 46. Qc5 Kg8
47. Qd6 Qb5 48. f3 Qf1 49. Qxb4 Qg1+ 50. Kf4 Qc1+ 51. Ke4 Qc2+ 52. Ke3 Qc1+ 53.
Qd2 Qg1+ 54. Kf4 Qb1 55. Qc3 g5+ 56. hxg5 Qf5+ 57. Ke3 Qxg5+ 58. Kf2 Qf5 59. b4
Qh3 60. Qe1 h4 61. Qg1 Qf5 62. gxh4+ Kf8 63. Qc1 Qd3 64. Qe3 Qc4 65. h5 Qc2+
66. Kg3 Qb1 67. Qh6+ Ke8 68. Qh8+ Kd7 69. Qf6 Qg1+ 70. Kh3 Qh1+ 71. Kg4 Qg1+
72. Kh4 Qxd4+ 73. Kg5 Ke8 74. Kh6 Qxb4 75. Kh7 Qb1+ 76. Kg8 Qg1+ 77. Qg7 Qa7
78. Qf8+ 1-0

[Event "SK Germania Kupferdreh 1 - SW Oberhause"]
[Site "Verbandsklasse - Gruppe 2 201"]
[Date "2019.02.03"]
[Round "6.2"]
[White "Krimphoff, Ingo"]
[Black "Hortolani, Sven-Holger"]
[Result "0-1"]
[WhiteElo "1930"]
[BlackElo "2039"]
[PlyCount "68"]
[EventDate "2019.??.??"]

1. d4 g6 2. Nf3 Bg7 3. Bf4 d6 4. e3 Nd7 5. Be2 Ngf6 6. c4 c5 7. Nc3 O-O 8. h3
a6 9. O-O b6 10. Qd2 Qc7 11. Rac1 e5 12. dxe5 dxe5 13. Bh2 Bb7 14. Rfd1 Rfe8
15. a3 Bc6 16. Qd6 Qb7 17. Qd2 Bf8 18. Nd5 Bxd5 19. cxd5 Ne4 20. Qc2 Nd6 21. e4
b5 22. Qd3 Bh6 23. Rc2 c4 24. Qc3 Nxe4 25. Qe1 Nd6 26. Bf1 Bg7 27. Qb4 Qb6 28.
Re1 f6 29. Nd2 a5 30. Qc3 Rad8 31. Qf3 f5 32. a4 e4 33. Qe2 e3 34. fxe3 Rxe3
0-1

[Event "SK Germania Kupferdreh 1 - SW Oberhause"]
[Site "Verbandsklasse - Gruppe 2 201"]
[Date "2019.02.03"]
[Round "6.3"]
[White "Schwerdtfeger, Joachim"]
[Black "Praemaßing, Reiner"]
[Result "0-1"]
[WhiteElo "1896"]
[BlackElo "1834"]
[PlyCount "98"]
[EventDate "2019.??.??"]

1. e4 c5 2. c3 Nf6 3. e5 Nd5 4. d4 cxd4 5. cxd4 d6 6. Nf3 Bf5 7. Bc4 e6 8. O-O
Nd7 9. Bxd5 exd5 10. Nc3 dxe5 11. dxe5 Nb6 12. Nd4 Be6 13. f4 g6 14. f5 gxf5
15. Nxf5 Qd7 16. Nd4 Bc5 17. Bg5 Rg8 18. Bf6 Rg4 19. Nce2 Qa4 20. Qxa4+ Nxa4
21. Rad1 Nxb2 22. Rd2 Nc4 23. Rd3 Re4 24. Kh1 Nxe5 25. Bxe5 Rxe5 26. Ng3 Bxd4
27. Rxd4 Rc8 28. Rb4 b6 29. Ra4 Rc7 30. h3 b5 31. Rh4 Rc2 32. Rb1 a6 33. a4 Rc4
34. Rxh7 Rxa4 35. Rc1 Rc4 36. Ra1 Bc8 37. Nh5 d4 38. Rf1 Be6 39. Ng7+ Ke7 40.
Nxe6 Kxe6 41. Rh6+ Kd5 42. Rxa6 f5 43. Rb1 Rc5 44. Ra3 Re2 45. Kg1 Rcc2 46.
Rxb5+ Ke4 47. Rg3 f4 48. Rg4 Re1+ 49. Kh2 Rcc1 0-1

[Event "SK Germania Kupferdreh 1 - SW Oberhause"]
[Site "Verbandsklasse - Gruppe 2 201"]
[Date "2019.02.03"]
[Round "6.4"]
[White "Zagrabski, Kevin"]
[Black "Kuckelkorn, Joerg"]
[Result "1-0"]
[WhiteElo "1871"]
[BlackElo "1887"]
[PlyCount "79"]
[EventDate "2019.??.??"]

1. d4 f5 2. Nf3 Nf6 3. Bf4 g6 4. c3 Bg7 5. Qb3 e6 6. Nbd2 O-O 7. e3 Nc6 8. Be2
d6 9. h3 Qe8 10. O-O Nh5 11. Bh2 Na5 12. Qa3 b6 13. e4 f4 14. e5 d5 15. g4 fxg3
16. fxg3 Bh6 17. b4 Nc6 18. Qb2 Bd7 19. Nh4 g5 20. Rxf8+ Bxf8 21. Ng2 Qg6 22.
Nf3 Be7 23. g4 Nf4 24. Bxf4 gxf4 25. Nxf4 Qe4 26. Ng2 Rf8 27. Rf1 h5 28. Qd2
Qg6 29. Bd3 Qg7 30. g5 a5 31. b5 Nd8 32. h4 Be8 33. Nh2 Rxf1+ 34. Nxf1 Nf7 35.
Ng3 Bxg5 36. hxg5 Nxg5 37. Qe3 Nh3+ 38. Kh2 Qg4 39. Be2 Nf2 40. Qxf2 1-0

[Event "SK Germania Kupferdreh 1 - SW Oberhause"]
[Site "Verbandsklasse - Gruppe 2 201"]
[Date "2019.02.03"]
[Round "6.5"]
[White "Matthes, Severin Johannes"]
[Black "Bauriedel, Friedrich"]
[Result "1-0"]
[WhiteElo "1811"]
[BlackElo "1838"]
[PlyCount "57"]
[EventDate "2019.??.??"]

1. e4 c5 2. Nf3 Nf6 3. e5 Nd5 4. d4 cxd4 5. c4 Nc7 6. Nxd4 e6 7. Nc3 d5 8. Be3
Be7 9. Qg4 Kf8 10. O-O-O Nc6 11. Nxc6 bxc6 12. Ne4 f5 13. exf6 Bxf6 14. Nxf6
Qxf6 15. Bg5 Qf7 16. Qg3 Ne8 17. Rd3 Bd7 18. Rf3 Nf6 19. Qe5 Ke7 20. Bd3 h6 21.
Be3 Rhc8 22. Bc5+ Kd8 23. Rg3 Qh5 24. Qd6 Ne8 25. Qe7+ Kc7 26. Re1 Qxh2 27. Bg6
Nf6 28. Bd6+ Kb6 29. Rb3+ 1-0

[Event "SK Germania Kupferdreh 1 - SW Oberhause"]
[Site "Verbandsklasse - Gruppe 2 201"]
[Date "2019.02.03"]
[Round "6.6"]
[White "Degner, Friedhelm"]
[Black "Matthies, Jochen"]
[Result "1/2-1/2"]
[WhiteElo "1816"]
[BlackElo "1799"]
[Annotator "Daniel"]
[PlyCount "57"]
[EventDate "2019.??.??"]

1. e4 Nf6 2. Nc3 d5 3. e5 d4 4. exf6 dxc3 5. fxg7 cxd2+ 6. Qxd2 Qxd2+ 7. Bxd2
Bxg7 $11 8. O-O-O Bf5 9. Bf4 Nd7 10. Nf3 O-O-O 11. Be2 e5 12. Be3 Nb6 13. a3 f6
14. g3 Kb8 15. Nh4 Be6 16. Bxb6 axb6 17. Rxd8+ Rxd8 18. Rd1 Bh6+ 19. Kb1 Rxd1+
20. Bxd1 Bd2 21. Nf3 Bh6 22. c3 Bd5 23. Kc2 Be4+ 24. Kb3 c6 25. Ne1 Bd2 26. f3
Bxe1 27. fxe4 Kc7 28. Kc4 Kd6 29. Kd3 1/2-1/2

[Event "SK Germania Kupferdreh 1 - SW Oberhause"]
[Site "Verbandsklasse - Gruppe 2 201"]
[Date "2019.02.03"]
[Round "6.7"]
[White "Boecker, Juergen"]
[Black "Bendel, Ruediger"]
[Result "1/2-1/2"]
[WhiteElo "1772"]
[BlackElo "1912"]
[PlyCount "43"]
[EventDate "2019.??.??"]

1. e4 c5 2. Nc3 e6 3. f4 d5 4. Bb5+ Bd7 5. Bxd7+ Qxd7 6. d3 d4 7. Nce2 f5 8.
Nf3 Nc6 9. O-O Rd8 10. exf5 exf5 11. Ne5 Qd5 12. Ng3 Nge7 13. Re1 Rd6 14. Nxc6
Qxc6 15. Nxf5 Re6 16. Nxe7 Bxe7 17. f5 Rxe1+ 18. Qxe1 Qd7 19. Bg5 Kf7 20. Qxe7+
Qxe7 21. Bxe7 Kxe7 22. Re1+ 1/2-1/2

[Event "SK Germania Kupferdreh 1 - SW Oberhause"]
[Site "Verbandsklasse - Gruppe 2 201"]
[Date "2019.02.03"]
[Round "6.8"]
[White "Kaesemann, Holger"]
[Black "Kyas, Jens-Stefan"]
[Result "1/2-1/2"]
[WhiteElo "1592"]
[BlackElo "1808"]
[PlyCount "70"]
[EventDate "2019.??.??"]

1. d4 f5 2. c4 Nf6 3. Nc3 e6 4. Nf3 d5 5. Bf4 c6 6. e3 Bd6 7. Bxd6 Qxd6 8. Ne5
Nbd7 9. cxd5 exd5 10. Nd3 O-O 11. g3 Ne4 12. Bg2 Ndf6 13. O-O Be6 14. f3 Nxc3
15. bxc3 Bf7 16. Ne5 Bh5 17. Qb1 Nd7 18. Nxd7 Qxd7 19. e4 fxe4 20. fxe4 Bg6 21.
Qb3 Kh8 22. exd5 cxd5 23. Qxd5 Qc7 24. Qb3 Rac8 25. Rxf8+ Rxf8 26. Qb4 Rf6 27.
Rf1 Rxf1+ 28. Bxf1 Qf7 29. Bg2 Qe8 30. Kf2 Qf7+ 31. Kg1 Qe8 32. Kf2 Qf7+ 33.
Ke3 Qe6+ 34. Kf2 Qf7+ 35. Kg1 Qe8 1/2-1/2

[Event "SC Gerthe - Werne 1 - SC Buer-Hassel 1"]
[Site "Verbandsklasse - Gruppe 2 201"]
[Date "2019.02.03"]
[Round "6.1"]
[White "Griebl, Joern"]
[Black "Quast, Marcel"]
[Result "0-1"]
[WhiteElo "2153"]
[BlackElo "2247"]
[PlyCount "80"]
[EventDate "2019.??.??"]

1. Nf3 d6 2. d4 g6 3. c4 Bg7 4. Nc3 Nc6 5. d5 Ne5 6. Nxe5 Bxe5 7. Qd3 f5 8. h4
Bg7 9. h5 e5 10. hxg6 hxg6 11. Rxh8 Bxh8 12. Qh3 Bg7 13. f4 e4 14. Bd2 Nf6 15.
e3 Qe7 16. Be2 Bd7 17. O-O-O Kf7 18. Be1 c5 19. Bh4 a6 20. g4 fxg4 21. Qg2 b5
22. Bxf6 Qxf6 23. Bxg4 Bxg4 24. Qxg4 Qf5 25. Qe2 Bxc3 26. bxc3 Qf6 27. Kc2 Rb8
28. Rb1 b4 29. cxb4 cxb4 30. Qd2 a5 31. a4 Rc8 32. Kb3 Rh8 33. Rc1 Rh3 34. Ka2
Qh8 35. Rc2 Rh1 36. Rb2 Qh3 37. c5 Qf1 38. Qd4 Qa1+ 39. Kb3 Rc1 40. Ra2 Rc3+
0-1

[Event "SC Gerthe - Werne 1 - SC Buer-Hassel 1"]
[Site "Verbandsklasse - Gruppe 2 201"]
[Date "2019.02.03"]
[Round "6.2"]
[White "Gottmann, Bernd"]
[Black "Bossy, Arnim"]
[Result "1/2-1/2"]
[WhiteElo "1952"]
[BlackElo "2144"]
[Annotator "Daniel"]
[PlyCount "66"]
[EventDate "2019.??.??"]

1. d4 f5 2. c4 Nf6 3. Nc3 d6 4. f3 e5 5. dxe5 dxe5 6. Qxd8+ Kxd8 7. Bg5 c6 8.
O-O-O+ Kc7 9. e4 h6 10. Be3 f4 11. Bf2 Be6 12. g3 g5 13. h4 Rg8 14. hxg5 hxg5
15. gxf4 gxf4 16. Nge2 Nbd7 17. b3 Bc5 18. Bxc5 Nxc5 19. Rh6 Raf8 20. Bh3 Rh8
21. Rxh8 Rxh8 22. Bxe6 Nxe6 23. Rg1 Kd7 24. Rg2 Ke7 25. Ng1 Rg8 26. Rxg8 Nxg8
27. Kd2 Nh6 28. Ke2 $11 Nf7 29. Nh3 Nd4+ 30. Kf2 Nc2 31. Ke2 Nd4+ 32. Kf2 Kd6
33. Na4 Nc2 1/2-1/2

[Event "SC Gerthe - Werne 1 - SC Buer-Hassel 1"]
[Site "Verbandsklasse - Gruppe 2 201"]
[Date "2019.02.03"]
[Round "6.3"]
[White "Wolff, Christoph"]
[Black "Berens, Thomas"]
[Result "1-0"]
[WhiteElo "1955"]
[BlackElo "1830"]
[PlyCount "37"]
[EventDate "2019.??.??"]

1. e4 c5 2. Nf3 d6 3. d4 cxd4 4. Nxd4 Nf6 5. Nc3 a6 6. Be2 e5 7. Nb3 Be6 8. O-O
Be7 9. Be3 O-O 10. f4 Qc7 11. Nd2 d5 12. fxe5 Nxe4 13. Ndxe4 dxe4 14. Nd5 Bxd5
15. Qxd5 Qc6 16. Rad1 Qxd5 17. Rxd5 Rd8 18. Rxd8+ Bxd8 19. Bc4 1-0

[Event "SC Gerthe - Werne 1 - SC Buer-Hassel 1"]
[Site "Verbandsklasse - Gruppe 2 201"]
[Date "2019.02.03"]
[Round "6.4"]
[White "Loeffelbein, Klaus"]
[Black "Wiechen, Ulrich"]
[Result "1/2-1/2"]
[WhiteElo "1826"]
[BlackElo "1919"]
[Annotator "Daniel"]
[PlyCount "68"]
[EventDate "2019.??.??"]

1. d4 d5 2. c4 dxc4 3. Nf3 Nf6 4. e3 Bg4 5. Bxc4 e6 6. O-O c5 7. Qa4+ Nbd7 8.
Ne5 Bd6 9. Bb5 Bf5 10. Nxd7 Nxd7 11. dxc5 Bxc5 12. e4 Bg4 13. e5 h5 14. h3 Rc8
15. Bxd7+ Qxd7 16. Qxd7+ Kxd7 17. hxg4 hxg4 18. Be3 Rh5 19. Bxc5 Rch8 20. Rd1+
Kc6 21. Kf1 Rh1+ 22. Ke2 Rxd1 23. Kxd1 Kxc5 24. Nd2 Kd5 25. Rc1 Rh1+ 26. Kc2
Rh2 27. Rg1 Kxe5 28. Nc4+ Kf4 $11 29. Kd3 f5 30. Ke2 g3 31. Nd6 Rh8 32. Rc1 Rh2
33. Rg1 Rh8 34. Rc1 Rh2 1/2-1/2

[Event "SC Gerthe - Werne 1 - SC Buer-Hassel 1"]
[Site "Verbandsklasse - Gruppe 2 201"]
[Date "2019.02.03"]
[Round "6.5"]
[White "Hirschberg, Markus"]
[Black "Melmer, Felix"]
[Result "1/2-1/2"]
[WhiteElo "1796"]
[BlackElo "1851"]
[PlyCount "39"]
[EventDate "2019.??.??"]

1. e4 c5 2. Nf3 g6 3. d4 cxd4 4. Nxd4 Nc6 5. Be3 Bg7 6. Be2 Nf6 7. Nc3 O-O 8.
h4 d5 9. Nxc6 bxc6 10. e5 Ne4 11. f4 Qa5 12. Bd2 Qb6 13. Nxe4 dxe4 14. Qc1 Rd8
15. Be3 Qa5+ 16. Bd2 Qd5 17. c4 Qe6 18. c5 Rb8 19. b3 Kh8 20. Qc4 1/2-1/2

[Event "SC Gerthe - Werne 1 - SC Buer-Hassel 1"]
[Site "Verbandsklasse - Gruppe 2 201"]
[Date "2019.02.03"]
[Round "6.6"]
[White "Meise, Ulrich"]
[Black "Strohmann, Andreas"]
[Result "0-1"]
[WhiteElo "1817"]
[BlackElo "1838"]
[PlyCount "66"]
[EventDate "2019.??.??"]

1. e4 d5 2. exd5 Nf6 3. d4 Nxd5 4. c4 Nb6 5. Nc3 e5 6. d5 c6 7. Be3 Bb4 8. Nge2
Nxc4 9. Qb3 Nxe3 10. fxe3 Qh4+ 11. Ng3 O-O 12. O-O-O Bc5 13. Na4 Bxe3+ 14. Qxe3
Qxa4 15. Qxe5 Nd7 16. Qc3 cxd5 17. Rxd5 Nf6 18. Ra5 Qf4+ 19. Kb1 Be6 20. Bd3
Rfc8 21. Qe1 Qd4 22. Bc2 Qc4 23. Bb3 Qd3+ 24. Ka1 Bxb3 25. Ra3 Re8 26. Qb4 Rad8
27. axb3 Nd5 28. Qxb7 Rb8 29. Qd7 Re7 30. Qf5 Qd2 31. Qf3 Re1+ 32. Rxe1 Qxe1+
33. Ka2 Nb4# 0-1

[Event "SC Gerthe - Werne 1 - SC Buer-Hassel 1"]
[Site "Verbandsklasse - Gruppe 2 201"]
[Date "2019.02.03"]
[Round "6.7"]
[White "Lazarev, Vadim"]
[Black "Kalle, Yannis"]
[Result "0-1"]
[WhiteElo "1758"]
[BlackElo "1714"]
[PlyCount "66"]
[EventDate "2019.??.??"]

1. e4 Nf6 2. e5 Nd5 3. c4 Nb6 4. d4 d6 5. f4 dxe5 6. fxe5 Nc6 7. Nf3 Bg4 8. Be3
e6 9. a3 Bxf3 10. gxf3 Qh4+ 11. Bf2 Qf4 12. Nc3 O-O-O 13. Nb5 a6 14. d5 axb5
15. Qe2 exd5 16. cxb5 Nxe5 17. Bg2 Bd6 18. Be3 Qh4+ 19. Bf2 Qh5 20. O-O-O Nec4
21. Bd4 Qf5 22. Rd3 Rhe8 23. Qc2 Be5 24. Bxb6 Bxb2+ 25. Kb1 cxb6 26. f4 Kb8 27.
Bh3 Qe4 28. Bg2 Qg6 29. f5 Qxf5 30. Rf1 Qg6 31. Rg3 Nxa3+ 32. Kxb2 Qxc2+ 33.
Kxa3 Re2 0-1

[Event "SC Gerthe - Werne 1 - SC Buer-Hassel 1"]
[Site "Verbandsklasse - Gruppe 2 201"]
[Date "2019.02.03"]
[Round "6.8"]
[White "Boost, Juergen"]
[Black "Wingerning, Gerd"]
[Result "1/2-1/2"]
[WhiteElo "1807"]
[BlackElo "1778"]
[PlyCount "45"]
[EventDate "2019.??.??"]

1. e4 d5 2. exd5 Qxd5 3. Nc3 Qa5 4. d4 Nf6 5. Bc4 Bg4 6. f3 Bf5 7. Nge2 e6 8.
Bd2 c6 9. Nd5 Qd8 10. Nxf6+ Qxf6 11. Bb3 Qh4+ 12. g3 Qf6 13. Bc3 Bd6 14. d5 Be5
15. dxe6 Bxe6 16. Bxe5 Qxe5 17. Qd4 Qxd4 18. Nxd4 Bxb3 19. Nxb3 Nd7 20. Kf2
O-O-O 21. Rhe1 Rhe8 22. Rad1 Nf6 23. Rxd8+ 1/2-1/2

[Event "FS Dortmund 1 - Rochade Steele/Kray 1"]
[Site "?"]
[Date "2019.02.03"]
[Round "6.1"]
[White "Happe, Ulrich"]
[Black "Reichmann, Oleg"]
[Result "0-1"]
[WhiteElo "2091"]
[BlackElo "2024"]
[Annotator "Verbandsklasse 2018/19"]
[PlyCount "98"]
[EventDate "2019.??.??"]

1. Nf3 Nf6 2. b3 g6 3. Bb2 Bg7 4. e3 c5 5. Be2 O-O 6. O-O b6 7. d4 Bb7 8. c4
cxd4 9. Nxd4 d5 10. Nd2 Na6 11. Rc1 Nc5 12. Qc2 Rc8 13. Qb1 Re8 14. cxd5 Nxd5
15. Bb5 Rf8 16. Rfd1 e5 17. N4f3 Qe7 18. Qa1 f6 19. Nb1 Kh8 20. Nc3 Nxc3 21.
Bxc3 Bxf3 22. gxf3 Qb7 23. Kg2 e4 24. Be2 Ne6 25. Qb1 Ng5 26. fxe4 Qxe4+ 27.
Qxe4 Nxe4 28. Bd4 Rfd8 29. f3 Nd6 30. Bxb6 Rxc1 31. Bxd8 Rc2 32. Rxd6 Rxe2+ 33.
Kg3 Rxe3 34. Bxf6 Bxf6 35. Rxf6 Kg7 36. Ra6 Re7 37. b4 Rb7 38. a3 h5 39. h4 Rf7
40. b5 Rb7 41. a4 Kf7 42. Kf4 Re7 43. a5 Rb7 44. b6 axb6 45. Rxb6 Rc7 46. Rb4
Ra7 47. Ra4 Ra6 48. Kg5 Kg7 49. f4 Rf6 0-1

[Event "FS Dortmund 1 - Rochade Steele-Kray 1"]
[Site "?"]
[Date "2019.02.03"]
[Round "6.2"]
[White "Hein, Erwin"]
[Black "Landau, Christian"]
[Result "1-0"]
[WhiteElo "2001"]
[BlackElo "2048"]
[Annotator "Verbandsklasse 2018/19"]
[PlyCount "109"]
[EventDate "2019.??.??"]

1. d4 Nf6 2. Nf3 g6 3. g3 Bg7 4. Bg2 O-O 5. O-O d5 6. c4 Nc6 7. cxd5 Nxd5 8.
Nc3 Nb6 9. e3 Bf5 10. h3 h5 11. e4 Bc8 12. d5 Na5 13. Qc2 e5 14. b3 c6 15. Ba3
cxd5 16. Bxf8 Qxf8 17. exd5 Bf5 18. Qd2 Qb4 19. Rad1 Rc8 20. Na4 Qxd2 21. Nxd2
Nxa4 22. bxa4 Rc2 23. Nb3 Nc4 24. d6 Nb6 25. a5 Nd7 26. Rc1 Rxa2 27. Bxb7 Rb2
28. Bd5 Bf8 29. Rc6 Nf6 30. Bc4 Ne4 31. d7 Bxd7 32. Rxg6+ Kh7 33. Ra6 Nd6 34.
Rd1 Ba4 35. Rdxd6 Bxd6 36. Rxd6 Bxb3 37. Bxb3 Rxb3 38. Rd7 Kg6 39. Rxa7 Ra3 40.
h4 f6 41. Ra8 Kf5 $11 42. a6 Ke4 43. a7 Kf3 44. Rf8 Rxa7 45. Rxf6+ Kg4 46. Kg2
Ra2 47. Rg6+ Kf5 48. Rg5+ Kf6 49. Rxh5 e4 50. Kf1 Rb2 51. Ra5 Rc2 52. g4 Rb2
53. Rf5+ Kg6 54. Rf4 Rb1+ 55. Ke2 1-0

[Event "FS Dortmund 1 - Rochade Steele/Kray 1"]
[Site "?"]
[Date "2019.02.03"]
[Round "6.3"]
[White "Kirsch, Paul"]
[Black "Khess, Igor"]
[Result "0-1"]
[WhiteElo "1929"]
[BlackElo "1951"]
[Annotator "Verbandsklasse 2018/19"]
[PlyCount "110"]
[EventDate "2019.??.??"]

1. d4 d5 2. c4 e6 3. Nf3 Nf6 4. Nc3 Be7 5. g3 O-O 6. Bg2 c6 7. O-O Nbd7 8. b3
Qa5 9. Bb2 Ba3 10. Qc1 Bxb2 11. Qxb2 dxc4 12. bxc4 e5 13. Nxe5 Nxe5 14. dxe5
Qxe5 15. Rac1 Qe7 16. e3 h6 17. h3 Be6 18. Ne2 Rad8 19. Nf4 Bc8 20. Qc2 Qc5 21.
Rfd1 Qa5 22. Qb3 Rxd1+ 23. Rxd1 Rd8 24. Rxd8+ Qxd8 25. Qc2 Qe7 26. Qd3 Nd7 27.
Be4 Kh8 28. Bg2 Ne5 29. Qc3 Kg8 30. Nd3 Nxd3 31. Qxd3 Be6 32. Qd4 a6 33. Qc3
Qc5 34. Qb2 b6 35. Bf1 Bxc4 36. Bxc4 Qxc4 37. Qxb6 Qxa2 38. Qxc6 a5 39. Qe8+
Kh7 40. Qe4+ g6 41. h4 h5 42. Kg2 a4 43. g4 a3 44. gxh5 Qe6 45. Qa4 a2 46. f3
Qd5 47. hxg6+ fxg6 48. Qa7+ Kh6 49. Qa3 Qd2+ 50. Kh3 Qd7+ 51. Kg3 Qf7 52. Qb2
Kh7 53. e4 Qa7 54. Qa1 Qb8+ 55. Kg4 Qb1 0-1

[Event "FS Dortmund 1 - Rochade Steele-Kray 1"]
[Site "?"]
[Date "2019.02.03"]
[Round "6.4"]
[White "Mewes, Karsten"]
[Black "Laarmann, Gerd"]
[Result "1/2-1/2"]
[WhiteElo "1939"]
[BlackElo "1799"]
[Annotator "Verbandsklasse 2018/19"]
[PlyCount "31"]
[EventDate "2019.??.??"]

1. Nf3 d5 2. e3 Nd7 3. c4 e6 4. b3 Ngf6 5. Bb2 Bd6 6. Nc3 c6 7. d4 O-O 8. Bd3
Qe7 9. Qc2 b6 10. O-O Bb7 11. Rac1 Rac8 12. Rfd1 h6 13. e4 dxe4 14. Nxe4 Nxe4
15. Bxe4 Nf6 16. Bd3 1/2-1/2

[Event "FS Dortmund 1 - Rochade Steele- Kray 1"]
[Site "?"]
[Date "2019.02.03"]
[Round "6.5"]
[White "Greger, Helmut"]
[Black "Brendemühl, Bernd"]
[Result "0-1"]
[WhiteElo "1915"]
[BlackElo "1886"]
[Annotator "Verbandsklasse 2018/19"]
[PlyCount "82"]
[EventDate "2019.??.??"]

1. c4 e6 2. Nf3 f5 3. g3 Nf6 4. Bg2 c6 5. O-O d5 6. d4 Bd6 7. b3 O-O 8. Nc3
Nbd7 9. Bb2 Qe8 10. Rc1 Qh5 11. e3 g5 12. Nd2 g4 13. Ne2 Ne4 14. f3 Nxd2 15.
Qxd2 Nf6 16. Nf4 Qg5 17. Qe2 Bd7 18. Nd3 gxf3 19. Bxf3 h5 20. Ne5 Bxe5 21. dxe5
Ng4 22. Bxg4 hxg4 23. Rf4 Rf7 24. Ba3 Rh7 25. Rc2 Rd8 26. Bc5 b6 27. Bd6 c5 28.
Qd1 Bc6 29. Rd2 dxc4 30. bxc4 Rdd7 31. Rdf2 Rh3 32. Qc2 Bf3 33. Qa4 Qg7 34. Qc2
Qh6 35. R4xf3 gxf3 36. Rxf3 Qh5 37. Rf2 Rh7 38. e4 Rxg3+ 39. Kh1 Rhg7 40. Qc1
Rf3 41. Rc2 Qh3 0-1

[Event "FS Dortmund 1 - Rochade Steele-Kray 1"]
[Site "?"]
[Date "2019.02.03"]
[Round "6.6"]
[White "Lauche, Christoph"]
[Black "Borger, Alexander"]
[Result "1-0"]
[WhiteElo "1804"]
[BlackElo "1886"]
[Annotator "Verbandsklasse 2018/19"]
[PlyCount "47"]
[EventDate "2019.??.??"]

1. e4 c5 2. a3 e6 3. b4 cxb4 4. axb4 Bxb4 5. Bb2 Nf6 6. e5 Nd5 7. c4 Ne7 8. Na3
Nbc6 9. Nf3 a6 10. Be2 O-O 11. O-O d5 12. exd6 Bxd6 13. d4 Ng6 14. Nb5 Be7 15.
d5 exd5 16. cxd5 Na5 17. d6 axb5 18. dxe7 Qxe7 19. Qd4 f6 20. Bxb5 Nb3 21. Bc4+
Be6 22. Bxb3 Bxb3 23. Qb6 Rxa1 24. Qxb3+ 1-0

[Event "FS Dortmund 1 - Rochade Steele-Kray 1"]
[Site "?"]
[Date "2019.02.03"]
[Round "6.7"]
[White "Schmitz, Jürgen"]
[Black "Grube, Jörg"]
[Result "0-1"]
[WhiteElo "1864"]
[BlackElo "1813"]
[Annotator "Verbandsklasse 2018/19"]
[PlyCount "50"]
[EventDate "2019.??.??"]

1. f4 d5 2. Nf3 Nc6 3. b3 Qd6 4. e3 e5 5. Ba3 Qf6 6. Bxf8 Kxf8 7. Nc3 Nge7 8.
fxe5 Nxe5 9. Be2 g6 10. O-O Kg7 11. d4 Nxf3+ 12. Bxf3 Qc6 13. Qd2 Bf5 14. Nxd5
Nxd5 15. c4 Be6 16. e4 Nf6 17. e5 Ne4 18. Qf4 Bf5 19. d5 Qc5+ 20. Kh1 Nf2+ 21.
Rxf2 Qxf2 22. Qg5 Rhe8 23. Qf6+ Kg8 24. Rd1 Rad8 25. d6 Rxd6 0-1

[Event "FS Dortmund 1 - Rochade Steele-Kray 1 "]
[Site "?"]
[Date "2019.02.03"]
[Round "6.8"]
[White "Jost, Udo"]
[Black "Tschendel, Roland"]
[Result "0-1"]
[WhiteElo "1765"]
[BlackElo "1958"]
[Annotator "Verbandsklasse 2018/19"]
[PlyCount "108"]
[EventDate "2019.??.??"]

1. c4 c5 2. Nf3 Nc6 3. a3 e5 4. Nc3 Nf6 5. d3 Be7 6. g3 d6 7. Bg2 Be6 8. O-O
Qd7 9. Ng5 Bg4 10. f3 Bf5 11. e4 Be6 12. Nxe6 Qxe6 13. f4 O-O 14. f5 Qd7 15. g4
Ne8 16. g5 f6 17. h4 Nd4 18. Rf2 Nc7 19. Be3 b5 20. Qg4 bxc4 21. dxc4 Rfd8 22.
Kh2 Kh8 23. Qh5 Bf8 24. Rg1 Qe8 25. g6 h6 26. Bh3 Rd7 27. Rfg2 Kg8 28. Qd1 Rb8
29. Bg4 Rb7 30. Bh5 Qb8 31. Qc1 Na8 32. Nd5 Nb6 33. Nxf6+ gxf6 34. g7 Bxg7 35.
Bxh6 Qf8 36. Be3 Kh8 37. Qd1 Nxc4 38. Bc1 Bh6 39. Rg8+ Qxg8 40. Rxg8+ Kxg8 41.
Bxh6 Rxb2+ 42. Kh1 Rdb7 43. Bc1 Rb1 44. Qf1 Nxa3 45. Be8 Rxc1 46. Qxc1 Rb1 47.
Qxb1 Nxb1 48. Kg2 Nc3 49. Kf2 Nxe4+ 50. Ke3 Ng3 51. h5 Kg7 52. Kd3 Ndxf5 53.
Ba4 Nxh5 54. Ke4 Ne7 0-1

[Event "SVG Marten-Bövinghausen 1-Unser Fritz1"]
[Site "Verbandsklasse - Gruppe 2 201"]
[Date "2019.02.03"]
[Round "6.1"]
[White "Mueller, Martin"]
[Black "Hellwig, Thomas"]
[Result "1-0"]
[WhiteElo "2011"]
[BlackElo "1879"]
[PlyCount "103"]
[EventDate "2019.??.??"]

1. e4 c5 2. Nf3 e6 3. d4 cxd4 4. Nxd4 Nc6 5. Nc3 Qc7 6. Be3 a6 7. Nxc6 Qxc6 8.
Qd4 b5 9. O-O-O b4 10. Ne2 Nf6 11. f3 Be7 12. g4 Bb7 13. Rd2 Rc8 14. Nf4 Qc7
15. Nd3 d5 16. e5 Nd7 17. f4 Qa5 18. Kb1 O-O 19. Rg1 Rc4 20. Qa7 d4 21. Bxd4
Rxd4 22. Qxd4 b3 23. Nc1 bxa2+ 24. Ka1 Bd5 25. Rg3 Bc5 26. Qd3 Bb4 27. c3 Rc8
28. Rd1 Qc7 29. Bg2 Nc5 30. Qd4 Nb3+ 31. Nxb3 Bxb3 32. Rd2 a5 33. Be4 Bf8 34.
Bc2 Bxc2 35. Rxc2 Rd8 36. Qg1 Qc4 37. Qc1 a4 38. Rd2 Ra8 39. Rd4 Qc6 40. Rgd3
a3 41. b3 Qb6 42. Qd1 g6 43. Kxa2 Qc6 44. f5 exf5 45. gxf5 Qg2+ 46. Qd2 Qf1 47.
f6 Qf5 48. Qf4 Qe6 49. Rd8 Rxd8 50. Rxd8 Qb6 51. Qd4 Qc7 52. Qd6 1-0

[Event "SVG Marten-Bövinghausen 1-Unser Fritz1"]
[Site "Verbandsklasse - Gruppe 2 201"]
[Date "2019.02.03"]
[Round "6.2"]
[White "Große-Venhaus, Philipp"]
[Black "Rutz, Dirk"]
[Result "0-1"]
[WhiteElo "1793"]
[BlackElo "1973"]
[PlyCount "58"]
[EventDate "2019.??.??"]

1. e4 c5 2. Ne2 d6 3. g3 Nc6 4. Nbc3 Nf6 5. Bg2 g6 6. O-O Bg7 7. d3 O-O 8. h3
Rb8 9. a4 a6 10. f4 Bd7 11. g4 b5 12. axb5 axb5 13. Ng3 b4 14. Nce2 Ne8 15. f5
Nd4 16. Rb1 Qb6 17. Be3 b3 18. Bxd4 cxd4 19. cxb3 Qxb3 20. Qxb3 Rxb3 21. Nc1
Rb6 22. Rf2 Nc7 23. Rc2 Na6 24. Bf1 Rfb8 25. Ra1 Bh6 26. Nge2 Nc5 27. Kg2 Rxb2
28. Rxb2 Rxb2 29. Kf3 Be3 0-1